000 00653nam a2200193Ia 4500
001 22394
003 GE_BSU
008 181216s||||||||xx |||||||||||||| ||und||
040 _cGE_BSU
245 _aПравоведение Политология. Библиогафич. указатель. #1. 2018
245 _cОтв. ред. С. О. Шевцова
260 _aМосква
260 _c2018
300 _a58 стр. 30 см. илл.
653 _aПериодика
653 _aПравоведение Политология. Библиогафич. указатель. #1. 2018
653 _aპერიოდიკა
942 _cCR
999 _c55316
_d55316